000 00377nam a22001217a 4500
999 _c865
_d865
005 20200819115419.0
008 200819b ||||| |||| 00| 0 eng d
020 _a047160609X
040 _cCML
245 _aInterpreting Test Scores.
_cMiller, D.M.
260 _aUnited States of America
_bJohns Wiley and Sons Ltd
_c1972
942 _2ddc
_cBK
_e1st Edition
_h371
_mMIL